Sonetos de la soledad del hombre /
Guardado en:
| Autor Principal: | |
|---|---|
| Formato: | Libro |
| Idioma: | Undetermined |
| Publicado: |
Buenos Aires :
Sudamericana,
1949.
|
| Materias: | |
| Etiquetas: |
Agregar Etiqueta
Sin Etiquetas, Sea el primero en etiquetar este registro!
|
| LEADER | 00495nam a22001575a 4500 | ||
|---|---|---|---|
| 001 | EHU.bham047821 | ||
| 005 | 20110815154849.0 | ||
| 008 | 110815s1949####ag############000#0#und#d | ||
| 100 | 1 | |a Estrella Gutierrez, Fermín. | |
| 245 | 0 | 0 | |a Sonetos de la soledad del hombre / |c Fermín Estrella Gutierrez. |
| 260 | |a Buenos Aires : |b Sudamericana, |c 1949. | ||
| 300 | |a 114 p. | ||
| 653 | |a Versos | ||
| 653 | |a Literatura | ||
| 653 | |a Sonetos | ||
| 859 | |a AR-BHAM |b BIB. HUMANIDADES - Donacion Lejarraga |h MFN002040 |p 002040.19 | ||
